000 00330 a2200121 4500
001 ART_12736
005 20260410161909.0
008 260409a
245 1 0 _aRegret Theory
100 1 _aSugden, Robert
700 1 _aLoomes, Graham
773 0 _tThe Economic Journal
_g- Vol. 92, NÂș 368 (dic. 1982)
_wREV12512
999 _c26627
_d26627